| 000 | 00966cam a2200241 4500 | ||
|---|---|---|---|
| 001 | D6196 | ||
| 008 | 090401t1981 xxu||||| |||| 00| 0 eng d | ||
| 035 | _a(Sirsi) u90099 | ||
| 041 | _aeng | ||
| 050 | _a692.8 | ||
| 110 |
_aJoint Contracts Tribunal _93664 |
||
| 245 | _aJCT standard form of building contract 1980 edition: practice notes 2 - 5 | ||
| 260 |
_bRIBA _c1981 |
||
| 300 | _a3p. 30cm | ||
| 350 | _a0 | ||
| 490 |
_aJCT Practice Note _v2 |
||
| 490 |
_aJCT Practice Note _v3 |
||
| 490 |
_aJCT Practice Note _v4 |
||
| 490 |
_aJCT Practice Note _v5 |
||
| 520 | _aFiled in box JCT 1981/5AC A - Archives, C - Loan ; Contents: Practice note 2: Clauses 21, 22, and 30.3: insurance provisions: Practice note 3: Clauses 21.2: Insurance - liability etc. of employer - provisional sum: Practice note 4: Clauses 5.2.2 and 5.4 Drawings - additional copies: Practice note 5: Clauses 30.3 and 16.2: Payment for off-site mater | ||
| 942 | _n0 | ||
| 948 | _c04/03/1997 | ||
| 999 |
_c97531 _d97531 |
||